Central Library OPAC University of Rajshahi

Vorlesungen über allgemeine Funktionentheorie und elliptische Funktionen / (Record no. 6674)

MARC details
000 -LEADER
fixed length control field 01042nam a2200277 a 4500
001 - CONTROL NUMBER
control field 6674
003 - CONTROL NUMBER IDENTIFIER
rucl marc code UkOxU
005 - DATE AND TIME OF LATEST TRANSACTION
control field 20211208234305.0
008 - FIXED-LENGTH DATA ELEMENTS--GENERAL INFORMATION
fixed length control field 110114s1964 wb 001 0 ger d
035 ## - SYSTEM CONTROL NUMBER
System control number CURL 05kc00009639(Lon) from wsc189
040 ## - CATALOGING SOURCE
Original cataloging agency BD-RjUL
Language of cataloging eng
Transcribing agency BD-RjUL
041 ## - LANGUAGE CODE
Language code of text/sound track or separate title eng
082 ## - DEWEY DECIMAL CLASSIFICATION NUMBER
Classification number 515
Author mark and year HUV 1964
100 1# - MAIN ENTRY--PERSONAL NAME
Personal name Hurwitz, Adolf,
Dates associated with a name 1859-1919.
9 (RLIN) 20976
245 10 - TITLE STATEMENT
Title Vorlesungen über allgemeine Funktionentheorie und elliptische Funktionen /
Statement of responsibility, etc. von Adolf Hurwitz ; herausgegeben und ergänzt durch einen Abschnitt über Geometrische Funktionentheorie von R. Courant ; mit einem anhang von H. Röhl
250 ## - EDITION STATEMENT
Edition statement 4th ed.
260 ## - PUBLICATION, DISTRIBUTION, ETC. (IMPRINT)
Place of publication, distribution, etc. Berlin :
Name of publisher, distributor, etc. Springer-Verlag,
Date of publication, distribution, etc. 1964
300 ## - PHYSICAL DESCRIPTION
Pagination xiii, 706 p. ;
Size 24 cm
490 1# - SERIES STATEMENT
Series statement Grundlehren der mathematischen Wissenschaften ;
Volume/sequential designation Bd.3
650 #0 - SUBJECT ADDED ENTRY--TOPICAL TERM
Topical term or geographic name as entry element Elliptic functions
9 (RLIN) 20977
700 1# - ADDED ENTRY--PERSONAL NAME
Personal name Courant, Richard,
Dates associated with a name 1888-1972.
Personal name Röhrl, H.
830 #0 - SERIES ADDED ENTRY--UNIFORM TITLE
Volume number/sequential designation Bd.3
Uniform title Grundlehren der mathematischen Wissenschaften ;
942 ## - ADDED ENTRY ELEMENTS (KOHA)
Source of classification or shelving scheme Dewey Decimal Classification
Koha item type Books
Holdings
Lost status Source of classification or shelving scheme Damaged status Not for loan Collection code Permanent Location Current Location Shelving location Date acquired Source of acquisition Cost, normal purchase price Total Checkouts Full call number Date last seen Copy number Koha item type
  Dewey Decimal Classification   Not For Loan Non-fiction Central Library, University of Rajshahi Central Library, University of Rajshahi Reading Room 16/11/1965 Zeitlinger 90.00   515 HUV 1964 11/01/2014 C-1 Books
  Dewey Decimal Classification     Non-fiction Central Library, University of Rajshahi Central Library, University of Rajshahi   16/11/1965 Zeetlinger 90.00   515 HUV 1964 31/08/2016 C-2 Books